|
|
|
|
| LEADER |
00821nam#a2200241#a#4500 |
| 001 |
004357 |
| 005 |
20160721143151.0 |
| 008 |
981020s1996####fr##################eng#d |
| 040 |
|
|
|a AR-beUNQ
|
| 099 |
|
|
|a 05-O3
|
| 110 |
2 |
|
|a Organization for Economic Co-operation and Development
|
| 245 |
0 |
0 |
|a Future global capital shortages : real threat or pure fiction?
|c Organization for Economic Co-operation and Development.
|
| 260 |
|
|
|a Paris :
|b OECD,
|c 1996
|
| 300 |
|
|
|a 205 p
|
| 650 |
|
7 |
|a ECONOMIA
|2 Spines
|
| 650 |
|
7 |
|a PERDIDA ECONOMICA
|2 Spines
|
| 650 |
|
7 |
|a POLITICA ECONOMICA
|2 Spines
|
| 650 |
|
7 |
|a DESARROLLO ECONOMICO
|2 Spines
|
| 650 |
|
7 |
|a ECONOMIA INDUSTRIAL
|2 Spines
|
| 650 |
|
7 |
|a FINANCIAMIENTO DEL DEFICIT
|2 Spines
|
| 929 |
|
|
|a COMPRA
|b CEI - UNQ
|d 4,00E
|e 19981020
|g Exp. 0387/98
|j 20942
|
| 942 |
|
|
|c LIB
|n 0
|
| 999 |
|
|
|c 7131
|d 82518
|